000 00555nam a2200181Ia 4500
008 151202s9999||||xx |||||||||||||| ||und||
082 _bPNVM-22639
100 _aखांडेकर वि.स.
245 _aदोन ध्रुव.
260 _bदेशमुख आणि कंपनी.पुणे.
260 _c1961
300 _a292
600 _aखांडेकर वि.स.
630 _aदोन ध्रुव.
700 _aखांडेकर वि.स.
730 _aदोन ध्रुव.
942 _cBOOK
999 _c1288614
_d1288611